000 00769cam a2200169 4500500
005 20251228064228.0
041 _afre
042 _adc
100 1 0 _aChaslot-Robinet, Sylvie
_eauthor
700 1 0 _aVanlierde, Sabrina
_eauthor
700 1 0 _aDesmartin, Cécile
_eauthor
245 0 0 _aPartager avant l’héritage, financer l’hébergement en institution : enjeux économiques et mobilisations familiales autour de personnes âgées des classes populaires Solène Billaud, thèse de doctorat de sociologie, 2010, EHESS, 387 p.
260 _c2011.
500 _a6
786 0 _nRetraite et société | 61 | 2 | 2011-08-01 | p. 240c-251c | 1167-4687
856 4 1 _uhttps://shs.cairn.info/revue-retraite-et-societe1-2011-2-page-240c?lang=fr&redirect-ssocas=7080
999 _c1589588
_d1589588